Dynamiku rastu výdavkov výrazne znižuje inflácia Výdavky na reklamu v médiách 1992-1994

Informácie o vývoji a súčasnom stave slovenského trhu mediálnej reklamy spracované GfK-Slovakia, inštitútom pre prieskum trhu. Výdavky na reklamu potravín, domácich potrieb, textilu a odevov, motorových vozidiel. Príjmy denníkov, týždenníkov a televízie z reklamy. Pozri tiež príspevok Výdavky na rek...

Descripción completa

Guardado en:
Detalles Bibliográficos
Autor principal: Lechnický, Milan
Formato: Capítulo de libro
Lenguaje:eslovaco
Materias:
Etiquetas: Agregar Etiqueta
Sin Etiquetas, Sea el primero en etiquetar este registro!

MARC

LEADER 00000naa a2200000 4500
001 r016049
005 20221205091121.0
041 0 |a slo 
044 |a SK 
245 1 0 |a Dynamiku rastu výdavkov výrazne znižuje inflácia  |b Výdavky na reklamu v médiách 1992-1994  |c M. Lechnický 
520 |a Informácie o vývoji a súčasnom stave slovenského trhu mediálnej reklamy spracované GfK-Slovakia, inštitútom pre prieskum trhu. Výdavky na reklamu potravín, domácich potrieb, textilu a odevov, motorových vozidiel. Príjmy denníkov, týždenníkov a televízie z reklamy. Pozri tiež príspevok Výdavky na reklamu v oblasti finančníctva na s.9 časopisu. 
610 2 0 |a reklama 
610 2 0 |a prostriedky masovokomunikačné 
610 2 0 |a Slovensko 
610 2 0 |a výdavky 
610 2 0 |a 1992-1994 
610 2 0 |a údaje štatistické 
610 2 0 |a príjmy 
610 2 0 |a rozhlas 
610 2 0 |a noviny 
610 2 0 |a televízia 
610 2 0 |a financie 
610 2 0 |a GfK Slovakia 
100 1 |a Lechnický, Milan